000 01551nam a2200373 c 4500
001 15725
003 ES-MaCES
005 20141221122401.0
008 031022s2003 sp t 100 | spa d
035 _aCES20030014601m
040 _aES-MaCES
_bspa
_cES-MaCES
100 1 _aBonino Covas, Carla
_98044
245 1 3 _aLa negociación colectiva como instrumento para la igualdad laboral entre mujeres y hombres
_b: planteamiento metodológico y conclusiones
_cdir. de la investigación, Jorge Aragón Medina ; investigadora principal, Carla Bonino Covas
260 _a[Madrid]
_bFundación 1º de Mayo
_c2003
300 _a32 p.
_c30 cm
500 _aTít. tomado de la cub
500 _aPonencias presentadas a las Jornadas "Negociación Colectiva y Genero, una Apuesta de Futuro", 27 y 28 de febrero de 2003, Consejo Económico y Social
500 _aEjemp. fotocopiado
541 _cGratuito
650 4 _amujeres
_928657
650 4 _atrabajadora
_928413
650 4 _anegociación colectiva
_928362
650 4 _acondiciones de trabajo
_928327
650 4 _aigualdad de oportunidades en el empleo
_930649
650 4 _adiscriminación por razones de sexo
_929521
650 4 _aconferencia
_927013
653 1 0 _aMujer
700 1 _aAragón Medina, Jorge
_edir.
_96411
710 2 _aFundación 1º de Mayo
_eed.
_93735
711 2 _aJornadas "Negociación Colectiva y Género, una Apuesta de Futuro"
_d2003
_cMadrid
_9841
902 _aDOC Literatura gris
942 _2CES
_cBK
_h3.3.
999 _c15725
_d15725